Normal view
MARC view
- LOCAL AREA NETWORKS-COMPUTER NETWORKS-SECURITY MEASURES LOCAL AREA NETWORKS-COMPUTER NETWORKS-MANAGEMENT.HACKING EXPOSED COMPUTER FORENSICS SECRETS AND SOLUTIONS
Entry Topical Term
001 - CONTROL NUMBER
- control field: 63561
003 - CONTROL NUMBER IDENTIFIER
- control field: NUST
005 - DATE AND TIME OF LATEST TRANSACTION
- control field: 20210628203134.0
008 - FIXED-LENGTH DATA ELEMENTS
- fixed length control field: 210628|| aca||aabn | a|a d
040 ## - CATALOGING SOURCE
- Original cataloging agency: NUST
- Transcribing agency: NUST
150 ## - HEADING--TOPICAL TERM
- Topical term or geographic name entry element: LOCAL AREA NETWORKS-COMPUTER NETWORKS-SECURITY MEASURES LOCAL AREA NETWORKS-COMPUTER NETWORKS-MANAGEMENT.HACKING EXPOSED COMPUTER FORENSICS SECRETS AND SOLUTIONS
670 ## - SOURCE DATA FOUND
- Source citation: Work cat.: (NUST): Davis, Chris , Cowen, David , Philipp, Aaron 63560, Hacking exposed computer forensics secrets and solutions, 2005
